000 00646nam a2200241 i 4500
001 C2-0265059
003 PPAK
005 20180727233133.0
008 050601s2005 my |||| ||||| | eng d
022 _a0126-6195
040 _aPPAK
_beng
_cPPAK
_erda
082 0 4 _a959.5
_223
090 0 0 _a959.5
_bINF
_dR
245 0 0 _aInformation Malaysia 2005
264 1 _aKuala Lumpur :
_bBerita Publishing ,
_c2005
300 _axiv, 904 pages ;
_c26 cm
336 _2rdacontent
_atext
337 _2rdamedia
_aunmediated
338 _2rdacarrier
_avolume
650 1 0 _aMalaysia - Periodicals
700 0 _aHashim Md. Isa,
_eeditor
942 _ddc
_cB
999 _c74686
_d74686